Представление документа в формате RUSMARC

ПолеНазваниеЗначение
  Тип записи a
  Библиографический уровень m
001 Контрольный номер RU/SLIB/B/208750091
005 Дата корректировки 20201206204127.8
010 Индекс ISBN __
d Цена 0-50
101 Язык документа __
a Язык текста rus
200 Заглавие и сведения об ответственности __
a Заглавие Искусство видеть
f Первые сведения об ответственности Малышев В. А. ; предисл. Г. Оганова
b Общее обозначение материала Текст
210 Выходные данные __
a Место издания М.
c Издательство Молодая гвардия
d Дата издания 1985
215 Физическое описание __
a Объем 152 с.
c Иллюстрации/тип воспроизводства фотоил.
225 Серия __
a Серия Мастера искусств - молодежи
320 Библиография __
a Библиография Библиогр.: с. 150-151
606 Тематические рубрики __
a Основная рубрика Изобразительное искусство и архитектура
606 Тематические рубрики __
a Основная рубрика История художественной фотографии
610 Ключевые слова __
a Ключевые слова художественная фотография; персоналии; фотографии
686 Индексы других классификаций __
a Классификационный индекс 85.163(2)-8; ст85.163(2)6
700 Автор __
a Фамилия Малышев
b Имя В. А.
4 Код отношения 070
702 Вторичная интеллектуальная ответственность __
a Фамилия Оганов
b Имя Г.
4 Код отношения Автор предисловия и т.д.
801 Источник записи _0
a Страна RU
b Организация Муниципальное бюджетное учреждение культуры "Централизованная библиотечная система" г. Сургут (Центральная городская библиотека им. А. С. Пушкина)
g Правила каталогизации КиК/Уланова
801 Источник записи _1
a Страна RU
b Организация Муниципальное бюджетное учреждение культуры "Централизованная библиотечная система" г. Сургут (Центральная городская библиотека им. А. С. Пушкина)
g Правила каталогизации КиК/Уланова
852 Данные о местонахождении __
j Шифр хранения 85.163(2)-8
c Каталожный индекс 85.163(2)6-8
i Авторский знак М 20
p Инвентарный номер 21384
901 Тип документа __
t Тип документа m
990 Данные о заказе (DOS) __
j Количество экземпляров (DOS) 1